مشق قلم(مضا مين و مقا لا ت) (Record no. 182565)

MARC details
000 -LEADER
fixed length control field 00665nam a22001937a 4500
005 - DATE AND TIME OF LATEST TRANSACTION
control field 20211123103023.0
010 ## - LCCN (DPL NO)
LC control number UR-11339
020 ## - INTERNATIONAL STANDARD BOOK NUMBER
Terms of availability 500.00
International Standard Book Number 9789390100958
035 ## - SYSTEM CONTROL NUMBER
System control number U-9894
037 ## - SOURCE OF ACQUISITION
Source of stock number/acquisition DBAD/PUB
082 ## - DEWEY DECIMAL CLASSIFICATION NUMBER
Classification number 844.808
100 ## - MAIN ENTRY--PERSONAL NAME
Personal name مصبا ح ا حمد صد يقی
245 ## - TITLE STATEMENT
Title مشق قلم(مضا مين و مقا لا ت)
Statement of responsibility, etc مصبا ح ا حمد صد يقی
246 ## - VARYING FORM OF TITLE
Title proper/short title Mashq-e-Qalam(Urdu)
Remainder of title by Misbah Ahmed Siddiqui
260 ## - PUBLICATION, DISTRIBUTION, ETC. (IMPRINT)
Place of publication, distribution, etc N.Delhi
Date of publication, distribution, etc 2020 ء
Name of publisher, distributor, etc Educational Publishing House
270 ## - ADDRESS
Address D1/16,Ansari Road,Darya Ganj,
City New Delhi
Postal code 110002
Fax number -
300 ## - PHYSICAL DESCRIPTION
Extent 288 ص
Dimensions 22 Cm(Hb)
942 ## - ADDED ENTRY ELEMENTS (KOHA)
Source of classification or shelving scheme Dewey Decimal Classification
Item type Urdu Bks
Classification part 844.808
Call number suffix ص د ی
Holdings
Withdrawn status Lost status Not for loan Collection code Home library Current library Date acquired Source of acquisition Cost, normal purchase price Full call number Barcode Copy number Cost, replacement price Koha item type
    Not For Loan Non-fiction D.B.Act.Division Central Library 23/11/2021 DBAD/PUB 500.00 844.808 ص د ی U-9894 1 500.00 Urdu Bks

© Delhi Public Library
Hit Counter
free hit counter